00000000cam 2200000zi 4500
0019.957990
003CaOODSP
00520260604134529
006m     o  d f      
007cr mn|||||||||
008251204t20252025onc     o    f000 0 eng d
020 |a9780660975856
040 |aCaOODSP|beng|erda|cCaOODSP
043 |an-cn---
0861 |aBT22-294/2025E-PDF
24500|aWorking group on public service productivity.
264 1|aOttawa, Ontario : |bTreasury Board of Canada Secretariat = Secrétariat du Conseil du trésor du Canada, |c2025.
264 4|c©2025
300 |a1 online resource (33 pages)
336 |atext|btxt|2rdacontent
337 |acomputer|bc|2rdamedia
338 |aonline resource|bcr|2rdacarrier
500 |aIssued also in French under title: Groupe de travail sur la productivité dans la fonction publique.
500 |a"Published: 2025-12-08."
650 0|aCivil service|xLabor productivity|zCanada.
7101 |aCanada. |bTreasury Board, |eissuing body.
77508|tGroupe de travail sur la productivité dans la fonction publique.|w(CaOODSP)9.957991
85640|qPDF|s1.01 MB|uhttps://publications.gc.ca/collections/collection_2026/sct-tbs/BT22-294-2025-eng.pdf
8564 |qHTML|sN/A|uhttps://www.canada.ca/en/government/system/government-wide-reporting-spending-operations/committees-task-forces/working-group-public-service-productivity-overview.html